| 000 | 00635nam a22001937b 4500 | ||
|---|---|---|---|
| 001 | bimo0001975006 | ||
| 003 | OSt | ||
| 005 | 20150217074010.0 | ||
| 008 | 041004s2002 mx | ||| ||spa | ||
| 040 | _cBMC | ||
| 082 | _aCu861 | ||
| 100 | 1 |
_aRodríguez Colón, Olga _931664 |
|
| 245 | 1 | 0 |
_aAntología cósmica de Olga Rodríguez Colón _cOlga Rodríguez Colón ; [recopilación] por Fredo Arias de la Canal |
| 260 |
_aMéxico, D.F. _bFrente de Afirmación Hispanista _c2002 |
||
| 300 |
_a1 folleto (43 p.) _c21 cm |
||
| 650 | 2 | 4 |
_931635 _aPoesía cubana |
| 700 | 1 |
_aArias de la Canal, Fredo _928231 |
|
| 942 |
_2ddc _cBK _hahoj |
||
| 999 |
_c18615 _d18615 |
||